00451 2200181 4500001002100000005001500021035002000036007000300056008004100059020002200100100002000122245003300142250000600175260004800181300001400229082001000243084001600253INLIS00000000000094220220325011331 a0010-0122000139ta220325 g 0 ind  a978-979-005-038-90 aKuraesin, Titin1 aSulam Pita /cTitin Kuraesin a2 aBandung :bPT. Karsa Mandiri Persada,c2009 a82 :bILS a745.5 a745.5 KUR s